000 00268nam a2200109Ia 4500
008 200302s9999 xx 000 0 und d
100 _aSusan and Michael & Others
245 _aOrnamental Ironwork
260 _bDavid R. Godine Publisher
260 _c1978
300 _a202 P.,
999 _c93
_d93